1680 1879 1290 1002 1380 1229 1150 1376 1635 1232 1355 1003 1212 1518 1338 1258 1609 1478 1154 1954 1661 1437 1200 1837 1664 1773 1111 1813 1965 1778 1309 1320 1174 1818 1280 1864 1954 1752 1114 1989 1658 1798 1537 1092 1941 1804 1908 1167 1923 1410 1756 1143 1576 1864 1484 1469 1612 1910 1877 1651 1873 1066 1579 1862 1218 1704 1546 1685 1743 1812 1399 1367 1547 1160 1280 1241 1266 1933 1542 1347 1065 1736 1898 1733 1968 1866 1826 1378 1511 1797 1350 1943 1347 1463 1669 1650 1860 1345 1806 BCNSPRNW ULIB Ver.6.0+V

เปลี่ยนเป็นภาษาไทย

Change to English
 แสดงรายละเอียดบรรณานุกรม
  กลับหน้าหลัก

Brief Record : Get Marc (ISO 2709) : E-mail record : QR code < ปิดหน้าต่าง
LEADER : 00000nam 2200000uu 4500
001    13399112935
003     ULIB
008    110919s2552||||th 000 0 tha d
020    9786169015307
090    นว.^bส174ร 2552
100 0  สเตเฟนี่ เมเยอร์
245 00 รุ่งอรุโณทัย เล่ม 2/^cอาทิตยา แปล
250    พิมพ์ครั้งที่ 7
260    กรุงเทพฯ :^bปราชญ์เปรียว,^c2552
300    422 หน้า
945    ^p300^l0^i16298
995    กัณชพร
999     ^aใช้งานได้ทุกระบบ
รายการนี้ยังไม่มีแท็ก
คุณยังไม่ได้ล็อกอิน คุณสามารถมีกิจกรรมร่วมกับเว็บไซต์ได้ แต่ต้องล็อกอินก่อน ::
  ล็อกอิน

รายการสื่อสารสนเทศ

ลำดับที่ ประเภท เลขเรียก/บาร์โค้ด สถานที่ สถานะ
1. นวนิยาย
นวนิยาย
นว. ส174ร 2552  
  Barcode: 16298
ห้องสมุดวิทยาเขตสวรรค์ประชารักษ์
►นวนิยาย
บนชั้น
  ขอยืม

รายการใกล้เคียง
    ผู้แต่ง [สเตเฟนี่ เมเยอร์]

BibComment


ยังไม่เคยถูกคอมเมนท์

คอมเมนท์ทรัพยากรรายการนี้
  คอมเมนท์: รุ่งอรุโณทัย เล่ม..


 Copyright 2026. Bcnsprnw @Library